000 00691nam a2200253Ia 4500
003 OSt
005 20220918192928.0
006 a|||||r|||| 00| 0
007 ta
008 220917b |||||||| |||| 00| 0 eng d
024 _a71,091
037 _cTextual
040 _aARTS
_cARTS
_beng
041 _2eng
_aeng
082 _aR39(Y:3), M0
100 _aHornsby Jennifer
_980637
245 0 _aActions
260 _aLondon
_bRoutledge and Kegan Paul
_c1980
300 _avi,146p.
_ccm.
490 _aInternational library of philosophy
500 _aBib 138-43p; Appendix 124-37 (A-B)
942 _hR39(Y:3), M0
_cTEXL
_2CC
999 _c197170
_d197170